Langenscheidts Taschenwörterbuch der niederländischen und deutschen Sprache
Na minha lista:
| Formato: | Livro |
|---|---|
| Idioma: | alemão holandês |
| Publicado em: |
Berlin-Schöneberg
Langenscheidtsche Verlagsbuchhandlung
1914
|
| Tags: |
Sem tags, seja o primeiro a adicionar uma tag!
|
MARC
| LEADER | 00000nam a2200000 4500 | ||
|---|---|---|---|
| 001 | 0307721 | ||
| 005 | 20250319090656.1 | ||
| 041 | 0 | |a ger | |
| 041 | 0 | |a dut | |
| 044 | |a DE | ||
| 245 | 1 | 0 | |a Langenscheidts Taschenwörterbuch der niederländischen und deutschen Sprache |
| 264 | 1 | |a Berlin-Schöneberg |b Langenscheidtsche Verlagsbuchhandlung |c 1914 | |